00785 a2200181 4500003000500000005001700005020002600022040000900048082001500057100002100072245006500093260003500158300004400193505029600237650002400533650002500557650002100582Nust20170207154015.0 a1-878707-50-7 (pbk) ; cNust a621.3815311 aVarteresian, Jon00aFabricating printed circuit boards-(E-BOOK)cJon Varteresian aNew York :bNewnes,ccop. 2002 axiv, 236 p. :bill. +e1 CD-ROM ;c24cm a1 Schematic Capture 1-2 Basic Circuit Board Placement and Routing Considerations 11-3 Placement and Routing Considerations for Various Circuit Designs 35-4 Real World Guidelines for Commercial Fabrication Houses 57-5 Making Printed Circuit Boards 69-6 Project Plans 89-7 Resource List. 97 7aElectronic circuits 7aElektroniska kretsar 7aPrinted circuits